[Event "Rotterdam Basamro 3rd"]
[Site "Rotterdam"]
[Date "2015.10.25"]
[Round "3.1"]
[White "Den Hartog, Marijn"]
[Black "Kharchenko, Daniil"]
[Result "1-0"]
[WhiteElo "2158"]
[BlackElo "2142"]
[PlyCount "55"]
[EventDate "2015.10.24"]
[EventType "team-tourn"]
[EventRounds "3"]
[EventCountry "NED"]
[SourceTitle "EXT 2018"]
[Source "ChessBase"]
[SourceDate "2017.10.13"]
[SourceVersion "1"]
[SourceVersionDate "2017.10.13"]
[SourceQuality "1"]
[WhiteTeam "Rotterdam Pathena"]
[BlackTeam "Murmansk Region"]
[WhiteTeamCountry "NED"]
[BlackTeamCountry "RUS"]

1. e4 d5 2. exd5 Qxd5 3. d4 Nf6 4. Nf3 a6 5. c4 Qd8 6. Nc3 g6 7. h3 Bg7 8. Be2 0-0 9. 0-0 c6 10. Be3 b5 11. Rc1 Nbd7 12. b3 b4 13. Na4 Qa5 14. Qc2 c5 15. dxc5 Bb7 16. Nd2 Qc7 17. Bf3 Bxf3 18. Nxf3 e5 19. Nb6 Rae8 20. Nd5 Qa5 21. c6 Nc5 22. a3 Nxd5 23. cxd5 Nd3 24. Qxd3 e4 25. Qc4 exf3 26. axb4 Qc7 27. Bc5 fxg2 28. Kxg2 1-0

[Event "Murmansk Basamro 2nd"]
[Site "Murmansk"]
[Date "2014.05.17"]
[Round "1.2"]
[White "Kharchenko, Daniil"]
[Black "Lecomte, Robin"]
[Result "1-0"]
[WhiteElo "2003"]
[BlackElo "2004"]
[PlyCount "103"]
[EventDate "2014.05.17"]
[EventType "team-tourn"]
[EventRounds "3"]
[EventCountry "RUS"]
[SourceTitle "EXT 2023"]
[Source "ChessBase"]
[SourceDate "2022.10.05"]
[SourceVersion "1"]
[SourceVersionDate "2022.10.05"]
[SourceQuality "1"]

1. c4 c6 2. Nc3 d5 3. cxd5 cxd5 4. d4 Nf6 5. Nf3 Nc6 6. Bf4 Qb6 7. Na4 Qa5+ 8. Bd2 Qc7 9. Rc1 Bf5 10. Ne5 Nd7 11. Nxc6 bxc6 12. e3 Rb8 13. b4 Qd6 14. Nc5 e5 15. Qa4 exd4 16. exd4 Be7 17. Na6 Rb6 18. b5 cxb5 19. Rc8+ Bd8 20. Bxb5 0-0 21. 0-0 Nf6 22. Bb4 Qf4 23. Rc3 Qxd4 24. Ra3 Qb2 25. Rb3 Bc2 26. Rxb2 Bxa4 27. Bxa4 Rxa6 28. Bb5 Rb6 29. Bc5 Ne4 30. Bxb6 Bxb6 31. Bc6 Rd8 32. Rd1 Rd6 33. Bxd5 Kf8 34. Rc2 Ke7 35. Re2 f5 36. Rd3 Bxf2+ 37. Rxf2 Nxf2 38. Kxf2 Kf6 39. Bc4 Rc6 40. Bb3 Rc7 41. Rd6+ Ke5 42. Re6+ Kf4 43. h3 h5 44. g3+ Kg5 45. h4+ Kg4 46. Rg6+ Kh3 47. Kf3 a5 48. Be6 Kh2 49. Kf4 Rc3 50. Rxg7 Kg2 51. Bd5+ Kf2 52. Kxf5 1-0

[Event "Murmansk Basamro 2nd"]
[Site "Murmansk"]
[Date "2014.05.17"]
[Round "2.10"]
[White "Kharchenko, Daniil"]
[Black "Startsev, Andrei"]
[Result "1-0"]
[WhiteElo "2003"]
[BlackElo "1893"]
[PlyCount "71"]
[EventDate "2014.05.17"]
[EventType "team-tourn"]
[EventRounds "3"]
[EventCountry "RUS"]
[SourceTitle "EXT 2023"]
[Source "ChessBase"]
[SourceDate "2022.10.05"]
[SourceVersion "1"]
[SourceVersionDate "2022.10.05"]
[SourceQuality "1"]

1. e4 e5 2. Nf3 Nf6 3. Nc3 Bb4 4. Bb5 c6 5. Ba4 d6 6. Qe2 Nbd7 7. Bb3 0-0 8. 0-0 h6 9. d3 Re8 10. a3 Ba5 11. Nd1 Nf8 12. Ne3 Ng6 13. c3 d5 14. Qc2 Bc7 15. Rd1 Be6 16. Nd2 Qe7 17. Ba2 Rad8 18. Ndf1 Rd7 19. Ng3 Red8 20. Re1 Nf4 21. Nef5 Qf8 22. d4 Nxe4 23. Nxe4 Bxf5 24. Nf6+ gxf6 25. Qxf5 Ng6 26. Qxf6 e4 27. f3 Rd6 28. Qf5 Qg7 29. Qh3 exf3 30. Bxh6 Qf6 31. Rf1 Qh4 32. Qxh4 Nxh4 33. Bf4 fxg2 34. Rf2 R6d7 35. Bg5 Re8 36. Bxh4 1-0

[Event "Chigorin Memorial 21st"]
[Site "St Petersburg"]
[Date "2013.10.09"]
[Round "5"]
[White "Kharchenko, Daniil"]
[Black "Sukhareva, Evgenia"]
[Result "1/2-1/2"]
[WhiteElo "2023"]
[BlackElo "2210"]
[PlyCount "94"]
[EventDate "2013.10.05"]
[EventType "swiss"]
[EventRounds "9"]
[EventCountry "RUS"]
[SourceTitle "CBM 156 Extra"]
[Source "ChessBase"]
[SourceDate "2013.10.22"]
[SourceVersion "1"]
[SourceVersionDate "2013.10.22"]
[SourceQuality "1"]

1. e4 c5 2. Nf3 d6 3. d4 cxd4 4. Qxd4 Nc6 5. Bb5 a6 6. Bxc6+ bxc6 7. c4 e5 8. Qd3 h6 9. 0-0 Qc7 10. c5 dxc5 11. Qc3 Bd6 12. Be3 Nf6 13. Nbd2 Nd5 14. Qa3 Nxe3 15. Qxe3 Be6 16. Rfc1 0-0 17. Nc4 Rab8 18. b3 Rb5 19. Rc3 f6 20. Nfd2 Be7 21. Nb2 Rd8 22. Rac1 Rd4 23. Qe2 Qa5 24. Na4 Rb8 25. h3 Qb5 26. Qe3 Rbd8 27. Nc4 Rb8 28. Qe1 Bf7 29. R3c2 Qb4 30. Qe2 Bd8 31. f3 Be7 32. Ncb2 Qb5 33. Nc4 Be6 34. Qe1 Qb4 35. Qe2 Kf7 36. Rc3 Qb5 37. Qc2 Rbd8 38. Nab2 Kg8 39. Qf2 Bf7 40. Qc2 Be6 41. Kh2 Qb8 42. Kg1 Qb7 43. Qe2 Qb8 44. R1c2 Bf8 45. Rc1 Qb7 46. R1c2 Qb8 47. Rc1 Qb7 1/2-1/2

[Event "St Petersburg Summer rapid"]
[Site "St Petersburg"]
[Date "2013.08.31"]
[Round "1"]
[White "Kharchenko, Daniil"]
[Black "Alekseev, Evgeny V"]
[Result "0-1"]
[WhiteElo "2023"]
[BlackElo "2710"]
[PlyCount "80"]
[EventDate "2013.08.31"]
[EventType "swiss (rapid)"]
[EventRounds "11"]
[EventCountry "RUS"]
[SourceTitle "CBM 156 Extra"]
[Source "ChessBase"]
[SourceDate "2013.10.22"]
[SourceVersion "1"]
[SourceVersionDate "2013.10.22"]
[SourceQuality "1"]

1. e4 c5 2. Nf3 Nc6 3. d4 cxd4 4. Nxd4 Qb6 5. Nb3 Nf6 6. Nc3 e6 7. Be3 Qc7 8. a3 Be7 9. Be2 0-0 10. 0-0 Rd8 11. f4 d6 12. Bf3 a6 13. Qe2 b5 14. Qf2 Nd7 15. Rfd1 Rb8 16. Ne2 Nb6 17. Ned4 Nxd4 18. Bxd4 e5 19. Bc3 Re8 20. Kh1 Na4 21. Ba5 Qc6 22. c3 Be6 23. Nd2 Nxb2 24. Rdb1 Nd3 25. Qe3 Nxf4 26. g3 Nh3 27. Bg2 Bg5 28. Qe2 Qc5 29. Rf1 Qe3 30. Qxe3 Bxe3 31. Nf3 Nf2+ 32. Kg1 Nxe4+ 33. Kh1 Bc4 34. Rfb1 Rbc8 35. Nh4 Nf2+ 36. Kg1 Nd3+ 37. Kh1 e4 38. Nf5 Bc5 39. Bb4 e3 40. Bf3 e2 0-1

[Event "Chigorin Memorial 20th"]
[Site "St Petersburg"]
[Date "2012.10.30"]
[Round "4"]
[White "Turikov, Viktor"]
[Black "Kharchenko, Daniil"]
[Result "1-0"]
[WhiteElo "2270"]
[BlackElo "2039"]
[PlyCount "59"]
[EventDate "2012.10.27"]
[EventType "swiss"]
[EventRounds "9"]
[EventCountry "RUS"]
[SourceTitle "EXT 2013"]
[Source "ChessBase"]
[SourceDate "2012.11.22"]
[SourceVersion "1"]
[SourceVersionDate "2012.11.22"]
[SourceQuality "1"]

1. d4 d5 2. c4 c6 3. Nf3 Nf6 4. Nc3 a6 5. e3 b5 6. cxd5 cxd5 7. Bd3 Nc6 8. 0-0 e6 9. Bd2 Be7 10. Rc1 Bb7 11. Ne2 0-0 12. Ng3 Qb6 13. Ne5 Ne4 14. Nd7 Qd8 15. Nxf8 Bxf8 16. Nxe4 dxe4 17. Bxe4 Rc8 18. a4 b4 19. Bf3 Qd7 20. Qe2 Bd6 21. Rfd1 h6 22. Be1 Bb8 23. g3 Qd6 24. Bg2 Kh7 25. f4 Ba7 26. Bf2 Bb6 27. b3 Ba7 28. Rc4 Rb8 29. Bxc6 Bxc6 30. Qc2+ 1-0

[Event "Chigorin Memorial 19th"]
[Site "St Petersburg"]
[Date "2011.10.22"]
[Round "9"]
[White "Kharchenko, Daniil"]
[Black "Vorobjev, Dmitry"]
[Result "0-1"]
[WhiteElo "2016"]
[BlackElo "2214"]
[PlyCount "90"]
[EventDate "2011.10.14"]
[EventType "swiss"]
[EventRounds "9"]
[EventCountry "RUS"]
[SourceTitle "CBM 144 Extra"]
[Source "ChessBase"]
[SourceDate "2011.10.28"]
[SourceVersion "1"]
[SourceVersionDate "2011.10.28"]
[SourceQuality "1"]

1. e4 c5 2. Nf3 d6 3. d4 Nf6 4. Nc3 cxd4 5. Nxd4 g6 6. Be3 Bg7 7. f3 0-0 8. Qd2 Nc6 9. 0-0-0 d5 10. exd5 Nxd5 11. Nxc6 bxc6 12. Nxd5 cxd5 13. Bh6 Bxh6 14. Qxh6 Qa5 15. Kb1 Rb8 16. h4 e5 17. h5 Bf5 18. Bd3 e4 19. fxe4 dxe4 20. Bc4 Qe5 21. Bb3 Qg7 22. Qf4 Rbe8 23. Rde1 Qe5 24. Qe3 a5 25. Rh4 Rb8 26. g4 a4 27. gxf5 axb3 28. cxb3 gxf5 29. Qg5+ Kh8 30. Rhxe4 f6 31. Rxe5 fxg5 32. Rf1 Kg7 33. Rfxf5 Rxf5 34. Rxf5 Kh6 35. Kc2 Kxh5 36. a4 Kg6 37. Rf1 g4 38. a5 h5 39. a6 g3 40. Ra1 h4 41. a7 Ra8 42. Kd2 g2 43. Ke2 Rxa7 44. Rc1 Rf7 45. b4 h3 0-1

[Event "Chigorin Memorial 19th"]
[Site "St Petersburg"]
[Date "2011.10.19"]
[Round "6"]
[White "Ivanov, Rostislav"]
[Black "Kharchenko, Daniil"]
[Result "1-0"]
[WhiteElo "2202"]
[BlackElo "2016"]
[PlyCount "111"]
[EventDate "2011.10.14"]
[EventType "swiss"]
[EventRounds "9"]
[EventCountry "RUS"]
[SourceTitle "CBM 144 Extra"]
[Source "ChessBase"]
[SourceDate "2011.10.28"]
[SourceVersion "1"]
[SourceVersionDate "2011.10.28"]
[SourceQuality "1"]

1. e4 d5 2. exd5 Qxd5 3. d4 Nf6 4. c4 Qd8 5. Nc3 c6 6. Nf3 Bg4 7. Be2 e6 8. 0-0 Be7 9. Be3 0-0 10. a3 Nbd7 11. h3 Bh5 12. b4 Qc7 13. Qb3 Rac8 14. Rac1 Qb8 15. Rfd1 Rfd8 16. a4 Bf8 17. Rb1 e5 18. d5 e4 19. Nd4 c5 20. bxc5 Nxc5 21. Qa2 Bxe2 22. Ndxe2 Qc7 23. a5 a6 24. Rd2 Ne8 25. Ng3 Nd6 26. Bf4 Re8 27. Rd4 Qd7 28. Bxd6 Bxd6 29. Ngxe4 Be5 30. Rdd1 Nxe4 31. Nxe4 Bh2+ 32. Kxh2 Rxe4 33. Rbc1 Qd6+ 34. Kg1 Qc5 35. Qb1 Re2 36. Qf5 g6 37. Qf3 Re7 38. d6 Rd7 39. Rd5 Qc6 40. Qd3 Qa4 41. h4 h6 42. g3 Re8 43. h5 Re6 44. hxg6 Rxg6 45. Re1 Kh7 46. Qd4 Rg8 47. Qe4+ Rg6 48. Qd4 Rg8 49. Qd3+ Rg6 50. Re4 Qa1+ 51. Kg2 Qf6 52. c5 Kg7 53. Qe3 Qa1 54. Re7 Qa4 55. Qe5+ Rf6 56. Rd4 1-0

[Event "Chigorin Memorial 19th"]
[Site "St Petersburg"]
[Date "2011.10.17"]
[Round "4"]
[White "Tilicheev, Viacheslav"]
[Black "Kharchenko, Daniil"]
[Result "1-0"]
[WhiteElo "2389"]
[BlackElo "2016"]
[PlyCount "87"]
[EventDate "2011.10.14"]
[EventType "swiss"]
[EventRounds "9"]
[EventCountry "RUS"]
[SourceTitle "CBM 144 Extra"]
[Source "ChessBase"]
[SourceDate "2011.10.28"]
[SourceVersion "1"]
[SourceVersionDate "2011.10.28"]
[SourceQuality "1"]

1. d4 d5 2. c4 c6 3. Nf3 Nf6 4. Nc3 a6 5. a4 Nbd7 6. g3 g6 7. Bg2 Bg7 8. 0-0 0-0 9. cxd5 cxd5 10. b3 b6 11. Ba3 Bb7 12. Rc1 Rc8 13. Nd2 Nb8 14. Nc4 Re8 15. a5 bxa5 16. Na4 Nbd7 17. Qd2 dxc4 18. Bxb7 Rb8 19. Bxa6 cxb3 20. Bc4 Ne5 21. Ba6 Ned7 22. Qd3 Nd5 23. Bc4 N7b6 24. Bxb3 Nb4 25. Qf3 Rf8 26. e3 Nxa4 27. Bxa4 Qb6 28. Qe4 Qa7 29. Rc5 Rfc8 30. Rfc1 Rxc5 31. Rxc5 e6 32. h4 Bf8 33. Rc1 h5 34. Bb3 Qd7 35. Qe5 Qe8 36. Bxb4 Rxb4 37. Ba2 a4 38. d5 Bg7 39. Qd6 Bf8 40. Qa6 exd5 41. Bxd5 Kh8 42. Rc7 Qd8 43. Rxf7 Qd6 44. Qa7 1-0

[Event "St Petersburg Botvinnik 100 op"]
[Site "St Petersburg"]
[Date "2011.08.19"]
[Round "8"]
[White "Vager, Boris"]
[Black "Kharchenko, Daniil"]
[Result "0-1"]
[WhiteElo "2127"]
[BlackElo "1938"]
[PlyCount "82"]
[EventDate "2011.08.12"]
[EventType "swiss"]
[EventRounds "9"]
[EventCountry "RUS"]
[SourceTitle "CBM 143 Extra"]
[Source "ChessBase"]
[SourceDate "2011.08.29"]
[SourceVersion "1"]
[SourceVersionDate "2011.08.29"]
[SourceQuality "1"]

1. d4 d5 2. Nf3 Nf6 3. Bf4 e6 4. e3 Bd6 5. Bxd6 Qxd6 6. c3 0-0 7. Nbd2 Nbd7 8. Be2 e5 9. dxe5 Nxe5 10. Nxe5 Qxe5 11. Nf3 Qe7 12. 0-0 c5 13. h3 Bd7 14. Qc2 Bc6 15. Rfe1 Rad8 16. Rad1 Rfe8 17. Qf5 Qc7 18. Qc2 Qa5 19. Qb1 Qc7 20. a3 b6 21. b3 h6 22. Qb2 Qe7 23. a4 Ne4 24. Bd3 Nd6 25. Qc2 Qf6 26. Nd2 Bb7 27. Bf1 Bc8 28. Bd3 Bb7 29. Be2 d4 30. cxd4 cxd4 31. Bf3 Bxf3 32. Nxf3 dxe3 33. fxe3 Rc8 34. Qd3 Ne4 35. Rc1 Nc5 36. Qc2 Rcd8 37. Rcd1 Rxd1 38. Qxd1 Qc3 39. Qd4 Qxb3 40. a5 Qb5 41. axb6 axb6 0-1

[Event "St Petersburg Botvinnik 100 op"]
[Site "St Petersburg"]
[Date "2011.08.14"]
[Round "3"]
[White "Kharchenko, Daniil"]
[Black "Orlov, Oleg"]
[Result "0-1"]
[WhiteElo "1938"]
[BlackElo "2290"]
[PlyCount "140"]
[EventDate "2011.08.12"]
[EventType "swiss"]
[EventRounds "9"]
[EventCountry "RUS"]
[SourceTitle "CBM 143 Extra"]
[Source "ChessBase"]
[SourceDate "2011.08.29"]
[SourceVersion "1"]
[SourceVersionDate "2011.08.29"]
[SourceQuality "1"]

1. e4 c5 2. Nf3 e6 3. c4 Nc6 4. Nc3 Nf6 5. Be2 d5 6. exd5 exd5 7. d4 Be6 8. cxd5 Nxd5 9. 0-0 Be7 10. dxc5 Nxc3 11. bxc3 Bxc5 12. Ng5 Bf5 13. Qb3 0-0 14. Qxb7 Qf6 15. Qb5 Bb6 16. Ba3 Rfb8 17. Qa4 Re8 18. Bf3 Bd7 19. Ne4 Qg6 20. Nd6 Nd4 21. Qd1 Nxf3+ 22. Qxf3 Red8 23. Qe4 Qg5 24. Rad1 Be6 25. Nc4 Bd5 26. Be7 f6 27. h4 Qh5 28. g4 Qf7 29. Qe1 Bxc4 30. Bxd8 Bxd8 31. Qe4 Rc8 32. Rfe1 Bb6 33. Qf5 Rc5 34. Rd8+ Bxd8 35. Qxc5 Bxa2 36. Qc6 Kf8 37. Qc5+ Be7 38. Qxa7 Bd5 39. Qb8+ Qe8 40. Qc7 Kf7 41. c4 Be6 42. g5 Qa4 43. gxf6 gxf6 44. Rc1 Qa3 45. Qf4 Bd6 46. Qh6 Bf5 47. Qh5+ Bg6 48. Qd5+ Kg7 49. Rd1 Bc5 50. Qd7+ Kh6 51. Qg4 Qa7 52. Qf4+ Kg7 53. Qg3 Kh6 54. Qf4+ Kg7 55. Qg3 Kh6 56. Qf4+ Kg7 57. Qg3 Kf7 58. Qf3 Qa3 59. Qb7+ Be7 60. Qd5+ Kg7 61. Re1 Bc5 62. Qd7+ Kh6 63. Qg4 Bd6 64. Re3 Qa1+ 65. Kg2 Qa8+ 66. Kg1 Be5 67. c5 Bf7 68. Re1 Qa5 69. Rc1 Qa3 70. Rd1 Bh5 0-1

[Event "St Petersburg White Nights op"]
[Site "St Petersburg"]
[Date "2011.06.07"]
[Round "1"]
[White "Sichinava, Zviad"]
[Black "Kharchenko, Daniil"]
[Result "1-0"]
[WhiteElo "2362"]
[BlackElo "1915"]
[PlyCount "37"]
[EventDate "2011.06.07"]
[EventType "swiss"]
[EventRounds "9"]
[EventCountry "RUS"]
[SourceTitle "EXT 2012"]
[Source "ChessBase"]
[SourceDate "2011.11.24"]
[SourceVersion "1"]
[SourceVersionDate "2011.11.24"]
[SourceQuality "1"]

1. d4 d5 2. Bg5 Bf5 3. c4 dxc4 4. Nc3 h6 5. Bh4 Nc6 6. e4 Bh7 7. d5 Ne5 8. Bg3 Nd3+ 9. Bxd3 cxd3 10. Nb5 Rc8 11. Nxa7 Bxe4 12. Nxc8 Bxg2 13. Rc1 Qxd5 14. Rxc7 Qe4+ 15. Kd2 e5 16. a3 Be7 17. Rxe7+ Kd8 18. Re8+ Kd7 19. Qb3 1-0

[Event "EU-ch U12"]
[Site "Batumi"]
[Date "2010.09.26"]
[Round "7"]
[White "Kharchenko, Daniil"]
[Black "Kozionov, Kirill"]
[Result "1/2-1/2"]
[WhiteElo "1867"]
[BlackElo "2093"]
[PlyCount "129"]
[EventDate "2010.09.20"]
[EventType "swiss"]
[EventRounds "9"]
[EventCountry "GEO"]
[SourceTitle "CBM 138 Extra"]
[Source "ChessBase"]
[SourceDate "2010.10.29"]
[SourceVersion "1"]
[SourceVersionDate "2010.10.29"]
[SourceQuality "1"]

1. e4 c5 2. Nf3 Nc6 3. Nc3 e6 4. g3 Nf6 5. Bg2 a6 6. d4 cxd4 7. Nxd4 Qc7 8. Nce2 d6 9. 0-0 e5 10. Nxc6 bxc6 11. Bg5 Be7 12. Qd3 0-0 13. Rad1 Rd8 14. Bxf6 Bxf6 15. c4 a5 16. Nc3 g6 17. b3 Kg7 18. h3 h5 19. f4 h4 20. f5 hxg3 21. Qxg3 Rh8 22. fxg6 fxg6 23. Qd3 Be7 24. Rf3 Be6 25. Qe2 Rh6 26. Rdd3 Rah8 27. Qf1 Qc8 28. Rde3 Qc7 29. Rd3 Bg5 30. Qf2 Be7 31. Qf1 g5 32. Rg3 Rg6 33. Bf3 Qa7+ 34. Kg2 Rh4 35. Qe2 Rf4 36. Bg4 Rgf6 37. Rdf3 Bxg4 38. hxg4 Qd4 39. Rxf4 exf4 40. Rh3 Qc5 41. Qc2 Qe5 42. Qd1 Rg6 43. Qd3 Bf6 44. Ne2 Kf7 45. Ng1 Bg7 46. Rh5 Qb2+ 47. Qe2 Qc3 48. Nf3 Bf6 49. Rh7+ Rg7 50. Rxg7+ Kxg7 51. Qd2 Qxd2+ 52. Nxd2 Kf7 53. Kf1 Ke7 54. Ke2 d5 55. Kd3 Kd6 56. exd5 cxd5 57. Nf3 Kc5 58. cxd5 Kxd5 59. Nd2 Bd8 60. Nf3 Kc5 61. a3 Be7 62. Kc3 Kd5 63. Kd3 Bf6 64. Nd2 Be7 65. Nf3 1/2-1/2

[Event "St Petersburg White Nights op"]
[Site "St Petersburg"]
[Date "2010.06.24"]
[Round "9"]
[White "Kharchenko, Daniil"]
[Black "Zakharov, Yuri Vasilievich"]
[Result "1/2-1/2"]
[WhiteElo "1854"]
[BlackElo "1980"]
[PlyCount "48"]
[EventDate "2010.06.16"]
[EventType "swiss"]
[EventRounds "9"]
[EventCountry "RUS"]
[SourceTitle "EXT 2011"]
[Source "ChessBase"]
[SourceDate "2010.11.26"]
[SourceVersion "1"]
[SourceVersionDate "2010.11.26"]
[SourceQuality "1"]

1. c4 Nf6 2. Nc3 e5 3. g3 d6 4. Bg2 g6 5. d3 Bg7 6. e3 0-0 7. Nge2 c6 8. 0-0 Qc7 9. b4 Bf5 10. b5 Nbd7 11. e4 Be6 12. f4 exf4 13. Bxf4 Nh5 14. Be3 a6 15. bxc6 bxc6 16. Rb1 Rfb8 17. Qc2 Ne5 18. h3 Bd7 19. Na4 c5 20. Nac3 Bc6 21. g4 Nf6 22. Bg5 Ned7 23. Bh4 Rxb1 24. Rxb1 Nb6 1/2-1/2

[Event "St Petersburg White Nights op"]
[Site "St Petersburg"]
[Date "2010.06.22"]
[Round "7"]
[White "Dmitriev, Pavel"]
[Black "Kharchenko, Daniil"]
[Result "0-1"]
[WhiteElo "1986"]
[BlackElo "1854"]
[PlyCount "71"]
[EventDate "2010.06.16"]
[EventType "swiss"]
[EventRounds "9"]
[EventCountry "RUS"]
[SourceTitle "EXT 2011"]
[Source "ChessBase"]
[SourceDate "2010.11.26"]
[SourceVersion "1"]
[SourceVersionDate "2010.11.26"]
[SourceQuality "1"]

1. e4 e5 2. Nf3 Nc6 3. Bb5 a6 4. Ba4 Nf6 5. 0-0 Be7 6. Re1 b5 7. Bb3 d6 8. c3 0-0 9. h3 Na5 10. Bc2 c5 11. d4 Qc7 12. Nbd2 cxd4 13. cxd4 Nc6 14. Nf1 Re8 15. Ng3 g6 16. Bg5 Kg7 17. Qd2 Ng8 18. Bxe7 Ngxe7 19. a4 bxa4 20. Bxa4 Rd8 21. d5 Na7 22. Rec1 Qb6 23. Qe3 Qb7 24. Qg5 h6 25. Nh5+ Kh7 26. Nf6+ Kg7 27. Qh4 Nb5 28. Bxb5 Qxb5 29. Rc7 Bd7 30. Ng4 Ng8 31. Rc2 Qd3 32. Ne3 Nf6 33. Nd2 Rdc8 34. Ra3 Qd4 35. Nec4 g5 36. Qh5 0-1

[Event "St Petersburg White Nights op"]
[Site "St Petersburg"]
[Date "2010.06.19"]
[Round "4"]
[White "Kharchenko, Daniil"]
[Black "Mikhailov, Ivan"]
[Result "1-0"]
[WhiteElo "1854"]
[BlackElo "1920"]
[PlyCount "119"]
[EventDate "2010.06.16"]
[EventType "swiss"]
[EventRounds "9"]
[EventCountry "RUS"]
[SourceTitle "EXT 2011"]
[Source "ChessBase"]
[SourceDate "2010.11.26"]
[SourceVersion "1"]
[SourceVersionDate "2010.11.26"]
[SourceQuality "1"]

1. e4 c5 2. Nc3 Nc6 3. g3 g6 4. Bg2 Bg7 5. d3 d6 6. Nge2 e6 7. 0-0 Nge7 8. Be3 Nd4 9. Qd2 Qa5 10. Rab1 0-0 11. a3 Bd7 12. b4 Qc7 13. bxc5 dxc5 14. Bf4 e5 15. Bg5 f6 16. Be3 Rab8 17. f4 Ne6 18. fxe5 fxe5 19. Nd5 Qd6 20. Rxf8+ Nxf8 21. Nec3 Ne6 22. Nxe7+ Qxe7 23. Nd5 Qd6 24. Qa5 Nd4 25. Bxd4 cxd4 26. Qxa7 b5 27. a4 b4 28. a5 Kh8 29. Nb6 Be6 30. Nc4 Bxc4 31. dxc4 Rc8 32. Bf1 Bf8 33. Bd3 Qc7 34. Qa6 Qc6 35. Qb5 Bd6 36. Qd5 Qxd5 37. cxd5 Kg7 38. a6 Rc7 39. Ra1 Ra7 40. Bb5 Bc5 41. Kg2 Rf7 42. Bc6 Rc7 43. Ra5 Ba7 44. Rb5 Kf6 45. Kf3 Ke7 46. Ke2 Kd6 47. Kd3 Re7 48. Rxb4 Rc7 49. Rb7 Rxb7 50. Bxb7 Kc5 51. Ke2 g5 52. h4 gxh4 53. gxh4 Bb8 54. Kf3 h5 55. Bc6 Kb6 56. Be8 Bd6 57. Bxh5 Be7 58. Kg3 Kxa6 59. Be2+ Kb6 60. Kg4 1-0

[Event "St Petersburg White Nights op"]
[Site "St Petersburg"]
[Date "2010.06.18"]
[Round "3"]
[White "Sinajskij, Anatolij"]
[Black "Kharchenko, Daniil"]
[Result "1-0"]
[WhiteElo "2087"]
[BlackElo "1854"]
[PlyCount "121"]
[EventDate "2010.06.16"]
[EventType "swiss"]
[EventRounds "9"]
[EventCountry "RUS"]
[SourceTitle "EXT 2011"]
[Source "ChessBase"]
[SourceDate "2010.11.26"]
[SourceVersion "1"]
[SourceVersionDate "2010.11.26"]
[SourceQuality "1"]

1. Nf3 d5 2. g3 Nf6 3. Bg2 Bf5 4. 0-0 c6 5. d4 h6 6. c4 e6 7. Nc3 Be7 8. Qb3 Qb6 9. c5 Qxb3 10. axb3 Ne4 11. Nd2 Nxd2 12. Bxd2 Na6 13. e4 dxe4 14. Nxe4 Bxe4 15. Bxe4 0-0 16. Rxa6 bxa6 17. Bxc6 Rab8 18. b4 Rfd8 19. Bc3 Bf6 20. Rd1 Kf8 21. Kf1 Rdc8 22. Be4 Rc7 23. Ke2 Ke7 24. Bd3 Rc6 25. Ra1 Rd8 26. Ke3 Rc7 27. Rxa6 Rcd7 28. Be2 Bxd4+ 29. Bxd4 Rxd4 30. Rxa7+ R4d7 31. Ra6 Rd2 32. b3 Rc2 33. Bc4 Rc8 34. Ra7+ Kf6 35. Rd7 h5 36. h4 g6 37. Rd6 Ke7 38. Ra6 Rc7 39. Ra3 Kf6 40. Bd3 Rc1 41. Ra2 Re1+ 42. Kd2 Re5 43. Kc3 Rd5 44. Be4 Rd1 45. Kc4 Rc8 46. b5 Ke5 47. Bc6 Rd4+ 48. Kc3 Rd1 49. Re2+ Kf6 50. Kb4 Rc1 51. Re4 Rc2 52. f3 Ke7 53. Rc4 Ra2 54. Bb7 Rc7 55. c6 Ra7 56. b6 Raxb7 57. cxb7 Rxb7 58. Rc7+ Rxc7 59. bxc7 Kd7 60. Kc5 Kxc7 61. b4 1-0

[Event "St Petersburg White Nights op"]
[Site "St Petersburg"]
[Date "2010.06.17"]
[Round "2"]
[White "Kharchenko, Daniil"]
[Black "Gavrikov, Viktor1"]
[Result "1-0"]
[WhiteElo "1854"]
[BlackElo "1572"]
[PlyCount "49"]
[EventDate "2010.06.16"]
[EventType "swiss"]
[EventRounds "9"]
[EventCountry "RUS"]
[SourceTitle "EXT 2011"]
[Source "ChessBase"]
[SourceDate "2010.11.26"]
[SourceVersion "1"]
[SourceVersionDate "2010.11.26"]
[SourceQuality "1"]

1. c4 c5 2. Nc3 Nc6 3. g3 b6 4. Bg2 Bb7 5. d3 e6 6. e3 Nf6 7. Nge2 Be7 8. 0-0 a6 9. Rb1 Qc7 10. f4 Rd8 11. e4 d6 12. a3 0-0 13. h3 Qb8 14. g4 Nd4 15. Nxd4 cxd4 16. Ne2 e5 17. f5 Qa8 18. g5 Nd7 19. Ng3 f6 20. h4 Rc8 21. g6 h6 22. Qh5 Rfd8 23. Bxh6 gxh6 24. Qxh6 Nf8 25. Nh5 1-0